[Event "Open Semana Santa 2023"]
[Site "?"]
[Date "2023.04.09"]
[Round "8.184"]
[White "Vecillas Rey, Daniel"]
[Black "Benet Saniger, Xavier"]
[Result "0-1"]
[WhiteElo "1465"]
[BlackElo "1682"]
[PlyCount "72"]

1. e4 e6 2. d3 d5 3. Nd2 Nf6 4. g3 dxe4 5. dxe4 e5 6. Bg2 Bc5 7. Ngf3 Nc6 8.
O-O O-O 9. Qe2 Qe7 10. c3 a5 11. Nh4 b6 12. Nf5 Qe6 13. Nc4 Ba6 14. b3 Rad8 15.
Bh3 Kh8 16. Kg2 Bc8 17. g4 Qd7 18. Bg5 Qd3 19. Qxd3 Rxd3 20. Bxf6 gxf6 21. Rac1
Bxf5 22. exf5 b5 23. Nxa5 Nxa5 24. b4 Bb6 25. bxa5 Bxa5 26. c4 bxc4 27. Rxc4
Rfd8 28. Rc6 Kg7 29. Rc2 Bb6 30. Rfc1 Ra3 31. Rc3 Rxc3 32. Rxc3 Rd2 33. a3 e4
34. Kg1 Rxf2 35. Kh1 e3 36. Rc1 e2 0-1

[Event "Open Semana Santa 2023"]
[Site "?"]
[Date "2023.04.09"]
[Round "8.185"]
[White "Sanchez Pablo, Jorge"]
[Black "Soto Fernandez, Diego"]
[Result "1-0"]
[WhiteElo "1654"]
[BlackElo "1416"]
[PlyCount "49"]

1. d4 Nf6 2. Bf4 e6 3. e3 c5 4. c3 Nc6 5. Nd2 d5 6. Bd3 Bd6 7. Bxd6 Qxd6 8. Bb5
O-O 9. Ngf3 a6 10. Bxc6 bxc6 11. O-O a5 12. Qc2 Ba6 13. Rfc1 cxd4 14. cxd4 Rfc8
15. Nb3 Bc4 16. Nc5 Ra7 17. a4 Ne8 18. Ra3 Nc7 19. Rc3 Na8 20. Nd2 Ba6 21. h3
f6 22. Nxa6 Rxa6 23. Nb3 e5 24. Rc5 Qd8 25. Qc3 1-0

[Event "Open Semana Santa 2023"]
[Site "?"]
[Date "2023.04.09"]
[Round "8.186"]
[White "Chernyshov, Georgii"]
[Black "Vallina Menendez, Marcos"]
[Result "1-0"]
[WhiteElo "1652"]
[BlackElo "1377"]
[PlyCount "37"]

1. Nf3 Nf6 2. g3 g6 3. d4 d5 4. Bg2 Bg7 5. O-O O-O 6. c4 e6 7. Nc3 b6 8. cxd5
exd5 9. Bf4 a6 10. Rc1 Nh5 11. Bg5 Qd6 12. Nxd5 Qxd5 13. Ne5 Qe6 14. Bxa8 f6
15. e4 Qe7 16. Bh4 g5 17. Qxh5 fxe5 18. Bxg5 Qe6 19. Bd5 1-0

[Event "Open Semana Santa 2023"]
[Site "?"]
[Date "2023.04.09"]
[Round "8.187"]
[White "Lirola Gimeno, Manuel Jaime"]
[Black "Zaldivar, Gustavo"]
[Result "0-1"]
[WhiteElo "1407"]
[BlackElo "1645"]
[PlyCount "168"]

1. e4 Nc6 2. d4 e5 3. d5 Nce7 4. c4 Ng6 5. Nf3 Nf6 6. Nc3 Bb4 7. Bd3 Bxc3+ 8.
bxc3 d6 9. Be3 b6 10. Rb1 O-O 11. Bc2 Qe7 12. Nd2 Ng4 13. Nf1 Nf4 14. Bxf4 exf4
15. h3 Ne5 16. Nd2 f5 17. f3 Qh4+ 18. Ke2 fxe4 19. fxe4 Qg3 20. Qf1 Ba6 21. Bb3
Rae8 22. Kd1 Qxc3 23. Rc1 Qg3 24. Nf3 Nd7 25. Nd4 Nc5 26. Qf3 Rxe4 27. Ne6 Re8
28. Bc2 Rxc4 29. Bxh7+ Kf7 30. Qxg3 Rxc1+ 31. Kxc1 fxg3 32. Nxc7 Rc8 33. Nxa6
Nxa6+ 34. Kb2 g6 35. Re1 Rh8 36. Bxg6+ Kxg6 37. Re6+ Kf5 38. Rxd6 Rxh3 39. Re6
Rh7 40. Kc3 Rd7 41. Kc4 Rxd5 42. Re3 Rc5+ 43. Kd4 Kf4 44. Rf3+ Kg4 45. Rf8 Rc2
46. Rg8+ Kf5 47. Rxg3 Rxa2 48. Rf3+ Kg4 49. Rf8 Rxg2 50. Rg8+ Kf3 51. Rf8+ Ke2
52. Ra8 Rg7 53. Re8+ Kd2 54. Rh8 Rd7+ 55. Kc4 Nc5 56. Rh2+ Ke3 57. Rh3+ Kf4 58.
Ra3 Ke4 59. Kb5 Rd3 60. Rxa7 Rb3+ 61. Kc4 Ke5 62. Rc7 Rb1 63. Re7+ Kd6 64. Rh7
Re1 65. Kb5 Rb1+ 66. Kc4 b5+ 67. Kd4 Rd1+ 68. Kc3 Kc6 69. Rh6+ Rd6 70. Rh1 Kb6
71. Rb1 Ka5 72. Rc1 b4+ 73. Kc4 Rc6 74. Kd5 Rc8 75. Ra1+ Na4 76. Rb1 Nc3+ 77.
Kd4 Nxb1 78. Kd3 Nd2 79. Kxd2 b3 80. Ke3 b2 81. Kd2 b1=Q 82. Ke2 Qb3 83. Kd2
Rc2+ 84. Kd1 Qb1# 0-1

[Event "Open Semana Santa 2023"]
[Site "?"]
[Date "2023.10.11"]
[Round "8.188"]
[White "Domenech Sanz, Vicente"]
[Black "Molina Molina, Carlos Javier"]
[Result "1/2-1/2"]
[WhiteElo "1403"]
[BlackElo "1635"]
[PlyCount "136"]
[EventDate "2023.??.??"]

1. e4 c5 2. Bc4 Nc6 3. a3 Nf6 4. Nc3 e6 5. d3 Be7 6. Bf4 O-O 7. h3 d5 8. exd5
exd5 9. Ba2 Re8 10. Nge2 Be6 11. O-O Bd6 12. Bg5 Be7 13. Nf4 Ne4 14. dxe4 Bxg5
15. Nxe6 fxe6 16. exd5 Nd4 17. dxe6 Kh8 18. Re1 Qb6 19. Na4 Qc6 20. c3 Nxe6 21.
Rxe6 Rxe6 22. Bxe6 Qxe6 23. Nxc5 Qc6 24. b4 b6 25. Qa4 Qd5 26. Rd1 Qc4 27. Qb3
Qe2 28. Ne6 Bf6 29. Qd5 Re8 30. Nc7 Rf8 31. Ne6 Re8 32. Nd8 Bxd8 33. Qxd8 h6
34. Qd7 Qe5 35. Qxa7 Qxc3 36. Qxb6 Qxa3 37. Rd8 Qc1+ 38. Kh2 Qf4+ 39. g3 Qe5
40. Rxe8+ Qxe8 41. b5 Qf7 42. Qc5 h5 43. h4 g5 44. hxg5 h4 45. Qe5+ Kg8 46. Qf6
hxg3+ 47. fxg3 Qh5+ 48. Kg2 Qe2+ 49. Kh3 Qh5+ 50. Kg2 Qe2+ 51. Qf2 Qxb5 52. Qf4
Qe2+ 53. Qf2 Qe4+ 54. Kh3 Qh1+ 55. Kg4 Qe4+ 56. Qf4 Qe2+ 57. Kf5 Qd3+ 58. Qe4
Qxg3 59. Qe6+ Kf8 60. Kg6 Qd3+ 61. Qf5+ Qxf5+ 62. Kxf5 Kf7 63. g6+ Kg7 64. Kg5
Kg8 65. Kf6 Kf8 66. Kg5 Kg7 67. Kh5 Kg8 68. Kh6 Kh8 1/2-1/2

[Event "Open Semana Santa 2023"]
[Site "?"]
[Date "2023.04.09"]
[Round "8.189"]
[White "Andries, Leia"]
[Black "Morales Clares, Aaron"]
[Result "1-0"]
[WhiteElo "1627"]
[BlackElo "1358"]
[PlyCount "77"]

1. e4 c5 2. c3 Nf6 3. e5 Nd5 4. d4 cxd4 5. Nf3 Nc6 6. Bc4 Nb6 7. Bb3 dxc3 8.
Nxc3 e6 9. Bg5 Be7 10. Bxe7 Qxe7 11. O-O O-O 12. Nb5 Qc5 13. Nc7 Rb8 14. Rc1
Qa5 15. Qe2 Na8 16. Nb5 b6 17. Bc4 Ba6 18. a3 Bb7 19. b4 Qa4 20. Ra1 Ne7 21.
Nfd4 d5 22. exd6 Nf5 23. Nxf5 exf5 24. Qe7 a6 25. Nd4 Rfe8 26. Bxf7+ Kh8 27.
Bxe8 Rxe8 28. Qxb7 f4 29. d7 Rf8 30. Ne6 Rg8 31. d8=N h6 32. Qxa8 Qd7 33. Rfd1
Qe7 34. Qb7 Qh4 35. Nf7+ Kh7 36. Rd8 Qg4 37. Qe4+ g6 38. Rxg8 Kxg8 39. Nxh6+
1-0

[Event "Open Semana Santa 2023"]
[Site "?"]
[Date "2023.04.09"]
[Round "8.190"]
[White "Ferrete Rueda, Juan Carlos"]
[Black "Perez Luna, Alfredo"]
[Result "1-0"]
[WhiteElo "1620"]
[BlackElo "1328"]
[PlyCount "69"]

1. e4 c5 2. Nf3 d6 3. d4 cxd4 4. Nxd4 Nc6 5. Nc3 Nf6 6. Be2 g6 7. Be3 Bg7 8.
Qd2 O-O 9. f3 Bd7 10. O-O-O Ne5 11. g4 Rc8 12. h4 Nc4 13. Bxc4 Rxc4 14. h5 e5
15. Nb3 d5 16. exd5 e4 17. hxg6 fxg6 18. g5 Nh5 19. fxe4 Ng3 20. Rh4 Nf1 21.
Qe2 Nxe3 22. Qxe3 Be5 23. Kb1 b6 24. Nd2 Rc5 25. Nf3 Bxc3 26. bxc3 Qc8 27. Rdh1
Rf7 28. Ne5 Rg7 29. c4 b5 30. Qf4 bxc4 31. Qf6 Qb7+ 32. Kc1 c3 33. Qxg7+ Kxg7
34. Rxh7+ Kf8 35. Nxd7+ 1-0

[Event "Open Semana Santa 2023"]
[Site "?"]
[Date "2023.04.09"]
[Round "8.191"]
[White "Santos Anton, Armando"]
[Black "Perez Pinazo, Jose Oscar"]
[Result "0-1"]
[WhiteElo "1353"]
[BlackElo "1612"]
[PlyCount "123"]

1. d4 Nf6 2. Bf4 e6 3. Nc3 d5 4. f3 Bd6 5. Qd2 a6 6. Be5 Bxe5 7. dxe5 Nfd7 8.
f4 c5 9. e3 b5 10. Nf3 Nc6 11. Ne2 a5 12. g3 Ba6 13. c3 Qb6 14. a3 O-O 15. h4
b4 16. cxb4 axb4 17. h5 bxa3 18. bxa3 Bc4 19. Kf2 Ra7 20. Qc2 Qb3 21. Qxb3 Bxb3
22. Nc3 c4 23. Nb5 Ra5 24. Nd6 Rfa8 25. Ng5 Nd8 26. Bh3 Rxa3 27. Rae1 Nc5 28.
Bf1 Ra1 29. Rxa1 Rxa1 30. Kg2 Bc2 31. Be2 Rxh1 32. Kxh1 h6 33. Nf3 Be4 34. Nxe4
Nxe4 35. Nd4 Nxg3+ 36. Kg2 Nxe2 37. Nxe2 Nc6 38. Kf2 Kf8 39. Ke1 Ke7 40. Ng3 f6
41. exf6+ gxf6 42. Kd2 f5 43. Kc3 Na5 44. Ne2 Nb3 45. Ng3 Nc5 46. Nf1 Ne4+ 47.
Kc2 Kd6 48. Kc1 Kc5 49. Kc2 Kb4 50. Kb2 Nf6 51. Ng3 Ng4 52. Nf1 c3+ 53. Kc2 Kc4
54. Ng3 Nxe3+ 55. Kc1 d4 56. Nh1 d3 57. Nf2 d2+ 58. Kb1 d1=Q+ 59. Nxd1 Nxd1 60.
Kc2 Ne3+ 61. Kb1 Kd3 62. Kc1 0-1

[Event "Open Semana Santa 2023"]
[Site "?"]
[Date "2023.04.09"]
[Round "8.192"]
[White "Piris Ferrandis, Asier"]
[Black "Corpa Rios, Flavio"]
[Result "0-1"]
[WhiteElo "1603"]
[BlackElo "1289"]
[PlyCount "124"]

1. e4 c5 2. Nf3 g6 3. c3 d5 4. Bb5+ Nc6 5. Ne5 Qd6 6. d4 cxd4 7. Qxd4 Bg7 8.
Bf4 Kf8 9. Bxc6 bxc6 10. exd5 Qxd5 11. O-O Qxd4 12. cxd4 Bb7 13. Be3 f6 14. Nf3
Nh6 15. Nbd2 Nf5 16. Nc4 Nxe3 17. fxe3 Kf7 18. Na5 Rab8 19. Nxb7 Rxb7 20. Ne5+
Ke6 21. Nxc6 Rxb2 22. Nxa7 Ra8 23. Nc6 Raxa2 24. Rxa2 Rxa2 25. Rf4 Bh6 26. Re4+
Kd6 27. Nb4 Re2 28. Kf1 Rxe3 29. Rh4 Rb3 30. Nc2 Rb1+ 31. Ke2 Rc1 32. Kd3 Rd1+
33. Kc4 Rd2 34. Ne1 Be3 35. Re4 Bf2 36. Nf3 Rd1 37. g3 h5 38. Re2 Bg1 39. Nxg1
Rxg1 40. d5 Rd1 41. Re6+ Kd7 42. Re2 g5 43. Kc5 f5 44. Rf2 e6 45. dxe6+ Kxe6
46. Re2+ Kf6 47. Re8 Kf7 48. Re5 Rf1 49. Kd6 Rd1+ 50. Kc5 Kf6 51. Re8 Rd7 52.
Rf8+ Rf7 53. Rh8 Kg6 54. Kd5 f4 55. Rg8+ Kf5 56. gxf4 gxf4 57. Rg2 f3 58. Rf2
Kf4 59. Kd4 Rd7+ 60. Kc3 Ke3 61. Rf1 Ke2 62. Rb1 Rd2 0-1

[Event "Open Semana Santa 2023"]
[Site "?"]
[Date "2023.04.09"]
[Round "8.193"]
[White "Taquet, Eric"]
[Black "Kratz, Jonathan"]
[Result "0-1"]
[WhiteElo "1344"]
[BlackElo "1600"]
[PlyCount "88"]

1. e4 c6 2. Nf3 d5 3. Nc3 dxe4 4. Nxe4 Nf6 5. Qe2 Nxe4 6. Qxe4 Qa5 7. Bc4 Bf5
8. Qe5 Qxe5+ 9. Nxe5 e6 10. c3 f6 11. Nf3 Bg4 12. Be2 e5 13. h3 Bh5 14. g4 Bf7
15. O-O Nd7 16. Re1 O-O-O 17. d4 Bd6 18. Be3 Rhe8 19. dxe5 fxe5 20. Ng5 Bg6 21.
Bc4 Nf8 22. Bxa7 Re7 23. Bb6 Bc7 24. Bxc7 Kxc7 25. Ne4 b5 26. Bf1 Bxe4 27. Rxe4
Rd2 28. Re2 Rxe2 29. Bxe2 h6 30. a4 bxa4 31. Rxa4 Kd6 32. Bd3 Ne6 33. b4 Nf4
34. Bf1 e4 35. c4 e3 36. fxe3 Rxe3 37. Kf2 Rb3 38. c5+ Ke5 39. Bg2 Rb2+ 40. Kf3
Rb3+ 41. Kf2 Rb2+ 42. Kf3 Nxg2 43. Kg3 g5 44. Ra6 Ne1 0-1

[Event "Open Semana Santa 2023"]
[Site "?"]
[Date "2023.10.09"]
[Round "8.194"]
[White "Sharma Siri"]
[Black "Burriel Ureta, Raul"]
[Result "1-0"]
[WhiteElo "1336"]
[BlackElo "1579"]
[PlyCount "57"]

1. e4 e5 2. Nf3 Nf6 3. d3 Nc6 4. g3 Bc5 5. Bg2 d6 6. h3 h6 7. Nbd2 Be6 8. c3
Bd7 9. O-O Qc8 10. Kh2 h5 11. Nb3 Ng4+ 12. Kg1 Nxf2 13. Rxf2 Bxf2+ 14. Kxf2
Bxh3 15. Be3 Bg4 16. Qd2 Qd7 17. d4 f5 18. Nh4 Rf8 19. Kg1 a6 20. exf5 O-O-O
21. Kh2 Bxf5 22. Nxf5 Qxf5 23. Bh3 Qxh3+ 24. Kxh3 Rd7 25. Qe2 Rf6 26. Rf1 Rg6
27. Qxh5 Re6 28. Rf8+ Nd8 29. d5 1-0

[Event "Open Semana Santa 2023"]
[Site "?"]
[Date "2023.04.09"]
[Round "8.196"]
[White "Pardo Ruiz, Beatriz"]
[Black "Arana Rodriguez, Marlon Uriel"]
[Result "1/2-1/2"]
[WhiteElo "1570"]
[BlackElo "1183"]
[PlyCount "173"]

1. e4 c5 2. Nf3 d6 3. d4 cxd4 4. Nxd4 Nf6 5. Nc3 a6 6. f3 e5 7. Nb3 Be6 8. Be3
Be7 9. Be2 h5 10. h4 Nbd7 11. Nd2 Qc7 12. a4 b6 13. O-O d5 14. exd5 Nxd5 15.
Nxd5 Bxd5 16. Bf2 Bc5 17. Ne4 Bxf2+ 18. Rxf2 Bxe4 19. fxe4 Nf6 20. Bd3 Rd8 21.
Qe2 Ng4 22. Rff1 Qc5+ 23. Kh1 a5 24. Ra3 O-O 25. Qf3 Qe7 26. g3 Rd6 27. Qe2 Rf6
28. Rb3 Rd8 29. Rxf6 Qxf6 30. Bb5 Rd1+ 31. Kg2 Rd6 32. Rf3 Qe7 33. Bc4 Rf6 34.
Rxf6 Qxf6 35. Qf3 Qe7 36. Be2 Qb4 37. b3 Qd2 38. Qd3 Qxc2 39. Qxc2 Ne3+ 40. Kf2
Nxc2 41. Bxh5 Nd4 42. Bd1 Kh7 43. g4 g6 44. g5 Kg7 45. Kg3 f5 46. gxf6+ Kxf6
47. Kg4 b5 48. axb5 Nxb5 49. Be2 Nd4 50. Bc4 Nc2 51. Bd5 Nd4 52. Bc4 Nc2 53.
Bd5 Nd4 54. Bg8 Kg7 55. Bc4 Kf6 56. h5 gxh5+ 57. Kxh5 Ke7 58. Kg6 Kd6 59. Kf6
Nf3 60. Bd3 Nd2 61. Bc2 Nf3 62. Bd3 Nd2 63. Bc2 Nf3 64. Bd3 Kc5 65. Bc4 Kd4 66.
Bd5 Nd2 67. Kf5 Nf1 68. Bc4 Ng3+ 69. Ke6 Nxe4 70. Kd7 Nc5+ 71. Kc6 Ne4 72. Kb6
Nd2 73. Be2 Nxb3 74. Kb5 e4 75. Ka4 Nc1 76. Bh5 e3 77. Kxa5 Kc3 78. Bg4 Nd3 79.
Kb5 Ne5 80. Bh5 Kd4 81. Kb4 Ke4 82. Be2 Nf3 83. Kc3 Ng1 84. Ba6 Kf3 85. Kc2 Kf2
86. Kd1 Nh3 87. Bb5 1/2-1/2

[Event "Open Semana Santa 2023"]
[Site "?"]
[Date "2023.04.09"]
[Round "8.197"]
[White "Prochaieva, Olha"]
[Black "Puig Perez, Jordi"]
[Result "1-0"]
[WhiteElo "1282"]
[BlackElo "1566"]
[PlyCount "83"]

1. d4 Nf6 2. Nf3 e6 3. c4 b6 4. Nc3 Bb4 5. Qb3 Bxc3+ 6. bxc3 Bb7 7. Bg5 h6 8.
Bh4 O-O 9. e3 d6 10. Be2 Nbd7 11. O-O Qe8 12. Rfd1 Ne4 13. d5 Ndc5 14. Qc2 exd5
15. cxd5 c6 16. c4 cxd5 17. cxd5 a6 18. Bg3 Qd7 19. Ne1 Rac8 20. Bf3 f5 21.
Bxe4 Nxe4 22. Qb2 b5 23. Rac1 Rxc1 24. Qxc1 Rc8 25. Qa3 Rc3 26. Qb4 Nxg3 27.
hxg3 Rc4 28. Qb1 Qc8 29. Kh2 g6 30. Nf3 Qc5 31. Nh4 Bxd5 32. Nxg6 Be4 33. Qb2
Rc2 34. Qh8+ Kf7 35. Qh7+ Kf6 36. Qxh6 Rxf2 37. Nf4+ Kf7 38. Rxd6 Rxa2 39. Qh7+
Ke8 40. Qg8+ Ke7 41. Qe6+ Kf8 42. Rd8+ 1-0

[Event "Open Semana Santa 2023"]
[Site "?"]
[Date "2023.04.09"]
[Round "8.198"]
[White "Cervera Diaz, Aaron"]
[Black "Bethencourt Hernandez, Valeria"]
[Result "0-1"]
[WhiteElo "1253"]
[BlackElo "1564"]
[PlyCount "86"]

1. e4 e5 2. Bc4 Nf6 3. d3 Nc6 4. Nf3 Bc5 5. c3 d6 6. b4 Bb6 7. a4 a6 8. O-O O-O
9. h3 h6 10. Nbd2 Be6 11. Re1 d5 12. exd5 Nxd5 13. Nxe5 Nxe5 14. Rxe5 Nxc3 15.
Qb3 Bd4 16. Re1 Bxc4 17. dxc4 Ne2+ 18. Rxe2 Bxa1 19. Nf3 Re8 20. Be3 Qf6 21. b5
axb5 22. Qxb5 Qa6 23. Qh5 Qxc4 24. Rd2 Rad8 25. Rxd8 Rxd8 26. Bxh6 gxh6 27.
Qxh6 Rd6 28. Qg5+ Bg7 29. Ne5 Qxa4 30. h4 Qa1+ 31. Kh2 Qxe5+ 32. Qxe5 Bxe5+ 33.
g3 b5 34. f4 Bf6 35. g4 Bxh4 36. g5 b4 37. Kh3 Be1 38. f5 b3 39. g6 b2 40.
gxf7+ Kxf7 41. f6 b1=Q 42. Kg2 Qe4+ 43. Kf1 Rxf6+ 0-1

[Event "Open Semana Santa 2023"]
[Site "?"]
[Date "2023.04.09"]
[Round "8.199"]
[White "Ortega Sanchez Montanez, Marcos"]
[Black "Xia, Yan"]
[Result "1-0"]
[WhiteElo "1538"]
[BlackElo "1119"]
[PlyCount "87"]

1. d4 Nf6 2. c4 g6 3. Nc3 d5 4. cxd5 Nxd5 5. e4 Nxc3 6. bxc3 Bg7 7. Bb5+ c6 8.
Ba4 b5 9. Bc2 c5 10. Ne2 Qc7 11. Be3 c4 12. a4 Bd7 13. axb5 Bxb5 14. Ba4 Bxa4
15. Qxa4+ Nd7 16. O-O O-O 17. Rfb1 f5 18. Qa6 Rf6 19. Qb7 Qd8 20. e5 Rf8 21.
Qd5+ Kh8 22. Qxc4 Nb6 23. Qb3 Nd5 24. c4 Nxe3 25. Qxe3 Rb8 26. h3 Qc7 27. Qc3
f4 28. Rxb8 Qxb8 29. Qa3 Qb7 30. Qxa7 Qe4 31. Nc3 Qc2 32. Qa3 f3 33. g3 h5 34.
Qc1 Qd3 35. Qe3 Qxc4 36. Ne4 Rf5 37. Ra8+ Bf8 38. Qh6+ Kg8 39. Qxg6+ Kh8 40.
Qxf5 Qc1+ 41. Kh2 Qc2 42. Rxf8+ Kg7 43. Rf7+ Kh6 44. Qg5# 1-0

[Event "Open Semana Santa 2023"]
[Site "?"]
[Date "2023.04.09"]
[Round "8.200"]
[White "CM Uribe, Jhonny Alberto"]
[Black "Xia, Zhe"]
[Result "1-0"]
[WhiteElo "2223"]
[BlackElo "1366"]
[PlyCount "77"]

1. c4 e5 2. Nc3 Bc5 3. e3 Nc6 4. Nf3 d6 5. d4 Bb4 6. a3 Bxc3+ 7. bxc3 Bg4 8.
Be2 Rb8 9. h3 Bh5 10. a4 e4 11. Nd2 Bxe2 12. Qxe2 d5 13. cxd5 Qxd5 14. c4 Qf5
15. Qg4 Qxg4 16. hxg4 Nb4 17. Ke2 f5 18. gxf5 Nf6 19. Rh4 O-O 20. Ba3 Nc2 21.
Bxf8 Nxa1 22. Be7 b5 23. axb5 a6 24. Rh1 axb5 25. Rxa1 Kf7 26. Bxf6 Kxf6 27.
cxb5 Kxf5 28. Ra7 Rc8 29. Nc4 g5 30. b6 cxb6 31. Nd6+ Kg4 32. Nxc8 h5 33. Nd6
b5 34. Rf7 b4 35. Nxe4 b3 36. Rf3 Kh4 37. Rh3+ Kg4 38. Ng3 h4 39. f3# 1-0

[Event "Open Semana Santa 2023"]
[Site "?"]
[Date "2023.04.09"]
[Round "8.201"]
[White "Segarra Victorio, Israel"]
[Black "Garcia Solbes, Juan Felipe"]
[Result "1/2-1/2"]
[WhiteElo "1586"]
[BlackElo "1365"]
[Annotator "Usuario"]
[PlyCount "107"]

1. d4 d5 2. c4 e6 3. Nf3 Nf6 4. e3 c5 5. cxd5 Nxd5 6. Nc3 Nxc3 7. bxc3 Nc6 8.
Bc4 cxd4 9. cxd4 Be7 10. O-O O-O 11. Bb2 a6 12. a3 b5 13. Bd3 Bb7 14. Re1 Rc8
15. Nd2 e5 16. Bf5 Rc7 17. dxe5 Bc8 18. Bxc8 Rxc8 19. Nf3 Qa5 20. Qb3 Rfd8 21.
Red1 Rxd1+ 22. Rxd1 Rd8 23. Rxd8+ Nxd8 24. g3 Ne6 25. Nd4 Nc5 26. Qc2 Qb6 27.
Nb3 Nxb3 28. Qxb3 a5 29. a4 b4 30. Qc4 Qc5 31. Qxc5 Bxc5 32. Kf1 Kf8 33. Ke2
Ke7 34. Bd4 Bxd4 35. exd4 Ke6 36. Kd3 f6 37. f4 f5 38. Kc4 h6 39. d5+ Kd7 40.
h3 g5 41. h4 gxh4 42. gxh4 Kc7 43. d6+ Kd7 44. Kd5 b3 45. e6+ Ke8 46. d7+ Ke7
47. Kc6 b2 48. Kc7 b1=Q 49. d8=Q+ Kxe6 50. Qd6+ Kf7 51. Qd5+ Kg6 52. Qxa5 Qc1+
53. Kb7 Qxf4 $11 54. Qb6+ 1/2-1/2

[Event "Open Semana Santa 2023"]
[Site "?"]
[Date "2023.10.12"]
[Round "8.202"]
[White "Garcia Castany, Jose"]
[Black "Rouiller, Leonard"]
[Result "0-1"]
[WhiteElo "1354"]
[BlackElo "1573"]
[PlyCount "34"]

1. d4 d5 2. e3 Nf6 3. Nf3 c5 4. b3 cxd4 5. exd4 Nc6 6. Bb2 Bg4 7. Be2 e6 8. O-O
Bd6 9. Ne5 Bxe2 10. Qxe2 Qb6 11. Nxc6 Qxc6 12. Nd2 Rc8 13. Rac1 Bf4 14. c3 Ne4
15. Rc2 Nxd2 16. Rxd2 Bxd2 17. Qxd2 O-O 0-1

[Event "Open Semana Santa 2023"]
[Site "?"]
[Date "2023.04.09"]
[Round "8.203"]
[White "Hladiy, Mark"]
[Black "Melero Fernandez, Jose M"]
[Result "1-0"]
[WhiteElo "1559"]
[BlackElo "1356"]
[PlyCount "63"]

1. e4 c5 2. Nf3 d6 3. c3 Nf6 4. Bd3 g6 5. Bc2 Bg7 6. d4 cxd4 7. cxd4 O-O 8. O-O
b6 9. Nc3 Bb7 10. Re1 Nfd7 11. Be3 Nc6 12. a3 Rc8 13. Qd2 Na5 14. Bh6 Nc4 15.
Qc1 e5 16. Bg5 Qc7 17. Nb5 Qb8 18. b3 Na5 19. Be7 Nxb3 20. Bxb3 Rxc1 21. Raxc1
Bh6 22. Rc7 a6 23. Bxf8 Nxf8 24. Rxf7 Kh8 25. Nc7 Qc8 26. dxe5 dxe5 27. Nxe5
Bg7 28. Nc4 Bc6 29. Nd6 Qd8 30. Rd1 Qg5 31. Rxf8+ Bxf8 32. Nf7+ 1-0

[Event "Open Semana Santa 2023"]
[Site "?"]
[Date "2023.04.09"]
[Round "8.204"]
[White "Garcia Perez, Sergio"]
[Black "Sanchez Villodres, Mario"]
[Result "1/2-1/2"]
[WhiteElo "1288"]
[BlackElo "1538"]
[Annotator "Usuario"]
[PlyCount "69"]

1. e4 e6 2. Nc3 d5 3. Nf3 dxe4 4. Nxe4 Nd7 5. d4 Ngf6 6. Bg5 Be7 7. Bxf6 Nxf6
8. Ng3 O-O 9. Bd3 b6 10. O-O Bb7 11. c3 c5 12. a4 Bxf3 13. gxf3 cxd4 14. cxd4
h6 15. f4 Nd5 16. f5 Nf4 17. fxe6 Nxe6 18. Nf5 Bb4 19. d5 Nf4 20. Be4 Re8 21.
Qf3 Ng6 22. Qg2 Qf6 23. Rac1 Rac8 24. Rxc8 Rxc8 25. Qg4 Rd8 26. Rd1 Bd6 27.
Nxd6 Rxd6 28. Bxg6 Qxg6 29. Qxg6 Rxg6+ 30. Kf1 Rd6 31. Ke2 Kf8 32. Ke3 Ke7 33.
Rd2 f5 34. f3 g5 35. h3 $11 1/2-1/2

[Event "Open Semana Santa 2023"]
[Site "?"]
[Date "2023.04.09"]
[Round "8.205"]
[White "Sanchez Lake, Alvaro"]
[Black "Anton Ortiz, Javier"]
[Result "1/2-1/2"]
[WhiteElo "1524"]
[BlackElo "1332"]
[PlyCount "42"]

1. c4 e5 2. Nc3 Nf6 3. g3 c6 4. Bg2 d5 5. cxd5 cxd5 6. Qb3 e4 7. d3 exd3 8.
exd3 Bc5 9. Nxd5 Nxd5 10. Qxd5 Qxd5 11. Bxd5 O-O 12. Be3 Re8 13. Kd2 Bd6 14.
Rc1 Nd7 15. d4 Nb6 16. Bf3 Rb8 17. Ne2 Bf5 18. Nc3 Nc4+ 19. Ke1 Nxe3 20. fxe3
Rxe3+ 21. Kf2 Ree8 1/2-1/2

[Event "Open Semana Santa 2023"]
[Site "?"]
[Date "2023.04.09"]
[Round "8.206"]
[White "Ortega Moya, Juan Francisco"]
[Black "Ilinca Ilinca"]
[Result "0-1"]
[WhiteElo "1271"]
[BlackElo "1515"]
[PlyCount "58"]

1. d4 d5 2. Bf4 e6 3. e3 Nf6 4. Nf3 Be7 5. Bd3 b6 6. Nbd2 Bb7 7. Ne5 Nbd7 8.
Ndf3 c5 9. Bb5 a6 10. Bc6 Qc8 11. Bxd7+ Nxd7 12. Nxd7 Qxd7 13. Ne5 Qd8 14. Qh5
O-O 15. h4 f6 16. Nf3 Bd6 17. Ng5 fxg5 18. hxg5 Bxf4 19. Qxh7+ Kf7 20. g6+ Kf6
21. Qh4+ Bg5 22. Qg3 Bh6 23. O-O-O Ke7 24. Rh4 Qd6 25. f4 Rf5 26. Rxh6 gxh6 27.
Qh4+ Kd7 28. Qxh6 Rff8 29. Rh1 Qe7 0-1

[Event "Open Semana Santa 2023"]
[Site "?"]
[Date "2023.04.09"]
[Round "8.207"]
[White "Ainsa Garus, Carlos"]
[Black "Jimenez Pena, Sergio"]
[Result "0-1"]
[WhiteElo "1247"]
[BlackElo "1511"]
[PlyCount "64"]

1. e4 c6 2. d4 d5 3. exd5 cxd5 4. Bd3 Nf6 5. Bf4 Nc6 6. c3 Bg4 7. Qb3 Qd7 8.
Nd2 Nh5 9. Be3 g6 10. Ngf3 f6 11. h3 Be6 12. g4 Ng7 13. Bf4 Kf7 14. O-O-O a6
15. Be3 Rc8 16. Nh4 Ne8 17. f4 Kg7 18. f5 Bf7 19. fxg6 hxg6 20. Qc2 Rxh4 21.
Rdf1 Nb4 22. Qb1 Nxd3+ 23. Qxd3 Nd6 24. g5 Ne4 25. gxf6+ exf6 26. Rf3 Qa4 27.
a3 Bxa3 28. Nb1 Be7 29. Bf4 Rxf4 30. Rxf4 Nc5 31. Qe3 Nb3+ 32. Kd1 Nxd4+ 0-1

[Event "Open Semana Santa 2023"]
[Site "?"]
[Date "2023.04.09"]
[Round "8.208"]
[White "Saiz Sapena, Veronica"]
[Black "Guzman Fuentes, Encarna"]
[Result "1-0"]
[WhiteElo "1506"]
[BlackElo "1311"]
[PlyCount "85"]

1. e4 e5 2. Nf3 Nc6 3. d4 exd4 4. Bc4 Nf6 5. O-O Be7 6. Nxd4 Nxd4 7. Qxd4 d6 8.
Nd2 O-O 9. b3 Ng4 10. Qd3 Ne5 11. Qe2 Nxc4 12. Nxc4 Bf6 13. Rb1 Re8 14. Qd3 Be6
15. Ne3 Qd7 16. f4 Bg4 17. f5 Bh5 18. g4 Bxg4 19. Nxg4 Bh4 20. Rf4 Qe7 21. f6
Bxf6 22. Nxf6+ gxf6 23. Rg4+ Kh8 24. Bh6 Rg8 25. Rxg8+ Rxg8+ 26. Kh1 Qe5 27.
Qf3 Rg6 28. Bf4 Qd4 29. Be3 Qc3 30. Qf2 Qe5 31. Qf3 Qc3 32. Qf2 Qe5 33. Qf3 Qc3
34. Rf1 Qe5 35. Rg1 Rxg1+ 36. Kxg1 Qa1+ 37. Kg2 Qxa2 38. Qxf6+ Kg8 39. Qd8+ Kg7
40. Bd4+ Kh6 41. Qf6+ Kh5 42. Qxf7+ Kh4 43. Bf2+ 1-0

[Event "Open Semana Santa 2023"]
[Site "?"]
[Date "2023.04.09"]
[Round "8.209"]
[White "Blanco Ros, Adrian"]
[Black "Petrashko, Vladyslav"]
[Result "0-1"]
[WhiteElo "1495"]
[BlackElo "1290"]
[PlyCount "82"]

1. e4 e5 2. Nf3 Nc6 3. Bc4 Nf6 4. d3 Be7 5. O-O d6 6. a4 Bg4 7. c3 a6 8. Nbd2
O-O 9. h3 Bh5 10. Re1 Kh8 11. Nf1 Nd7 12. g4 Bg6 13. Ne3 h5 14. Nf5 Nf6 15. Ne3
Nh7 16. Kg2 Ng5 17. Nh4 Nh7 18. Nhf5 h4 19. a5 Bg5 20. Qb3 Rb8 21. Nd5 Bxc1 22.
Rexc1 Ng5 23. Nxh4 Ne6 24. Nf3 Ne7 25. Ne3 Nf4+ 26. Kh2 c6 27. Qd1 f6 28. Bb3
d5 29. Nf5 Bxf5 30. gxf5 Qe8 31. Nh4 Rd8 32. Qf3 dxe4 33. dxe4 Rd3 34. Qg4
Rxh3+ 35. Qxh3 Nxh3 36. Kxh3 g5 37. fxg6 Nxg6 38. Nf5 Nf4+ 39. Kg3 Qg6+ 40. Kf3
Qh5+ 41. Ke3 Qe2# 0-1

[Event "Open Semana Santa 2023"]
[Site "?"]
[Date "2023.04.09"]
[Round "8.210"]
[White "Voronaya, Eva"]
[Black "Nunez De Arenas Navarro, Agnes"]
[Result "1-0"]
[WhiteElo "1480"]
[BlackElo "1245"]
[PlyCount "81"]

1. d4 d5 2. c4 c6 3. cxd5 cxd5 4. Bg5 h6 5. Bh4 Nc6 6. e3 Bf5 7. a3 Qc7 8. Nc3
e6 9. Nf3 Be7 10. Bg3 Qd8 11. Bb5 a6 12. Ba4 b5 13. Bb3 Nf6 14. h3 O-O 15. Rc1
Qb6 16. O-O Na5 17. Nxd5 Nxd5 18. Bxd5 exd5 19. Bc7 Qg6 20. Ne5 Qg5 21. f4 Qg3
22. Rf3 Qh4 23. Bxa5 Be4 24. Be1 Qf6 25. Rg3 Rfd8 26. Rc6 Rd6 27. Rxd6 Qxd6 28.
Bb4 Qe6 29. Bxe7 Qxe7 30. Qg4 g6 31. h4 h5 32. Qxh5 Qf6 33. Qg4 Kg7 34. Nd7 Qe7
35. Nc5 Rh8 36. h5 Rh6 37. hxg6 Rxg6 38. Qh3 Rxg3 39. Qxg3+ Kf8 40. Qh3 Qf6 41.
Nd7+ 1-0

[Event "Open Semana Santa 2023"]
[Site "?"]
[Date "2023.04.09"]
[Round "8.211"]
[White "Franch Moreno, Marcelo"]
[Black "Molina Saorin, Raul"]
[Result "1-0"]
[WhiteElo "1461"]
[BlackElo "1076"]
[PlyCount "75"]

1. e4 e5 2. Nf3 Nc6 3. Bc4 Bc5 4. c3 Nf6 5. d3 a6 6. a4 Ng4 7. O-O Be7 8. Re1
d6 9. Nbd2 Bh4 10. Rf1 Be7 11. h3 Nf6 12. Re1 O-O 13. Nf1 Nh5 14. Nxe5 Nxe5 15.
Qxh5 Nxc4 16. dxc4 Be6 17. Ne3 c6 18. b4 Bf6 19. Bb2 Qe7 20. Rad1 Be5 21. c5
Rfd8 22. cxd6 Bxd6 23. Nf5 Bxf5 24. Qxf5 Be5 25. f4 g6 26. Qxe5 Qxe5 27. fxe5
b6 28. Rd6 Rdc8 29. Red1 a5 30. bxa5 Rxa5 31. e6 fxe6 32. Rxe6 Rxa4 33. e5 Ra2
34. Bc1 Rc2 35. Red6 Rxc3 36. e6 Re8 37. Bh6 Rc5 38. Rd8 1-0